000 00307nam a22001337a 4500
008 180103b xxu||||| |||| 00| 0 eng d
020 _a9813083166003
041 _aeng
080 _a004
100 _a30
101 _aSHK
245 _aMULTIMEDIA TECHNOLOGY AND APPLICATIONS
_cCHOW,V.W
942 _2udc
_cBK
999 _c39612
_d39612